ポケモンのなまえ(第3世代) - Statistics

General Stats
  • This quiz has been taken 188 times
  • The average score is 81 of 135
Answer Stats
Answer % Correct
キモリ
97%
アチャモ
95%
バシャーモ
95%
ミズゴロウ
95%
ジュカイン
94%
ワカシャモ
92%
カイオーガ
92%
ラグラージ
91%
ジュプトル
90%
ヌマクロー
90%
グラードン
90%
レックウザ
87%
ジラーチ
81%
デオキシス
80%
ボーマンダ
79%
メタグロス
79%
レジロック
78%
ジグザグマ
77%
マッスグマ
77%
メタング
77%
レジアイス
77%
レジスチル
77%
ラティアス
77%
ラティオス
77%
スバメ
76%
オオスバメ
76%
キルリア
74%
サーナイト
74%
タツベイ
73%
コモルー
73%
ダンバル
73%
ラルトス
72%
ポチエナ
71%
グラエナ
71%
アゲハント
71%
ドクケイル
71%
キャモメ
71%
ケムッソ
70%
チルタリス
70%
カラサリス
69%
フライゴン
69%
ペリッパー
67%
プラスル
67%
マイナン
67%
チルット
67%
マユルド
66%
ケッキング
66%
ナックラー
66%
ナマケロ
65%
ヤルキモノ
64%
バクーダ
64%
ソルロック
64%
ライボルト
63%
ビブラーバ
63%
ミロカロス
63%
ボスゴドラ
62%
ラクライ
62%
ココドラ
60%
ドンメル
60%
コータス
60%
ルナトーン
60%
ヒンバス
60%
ルンパッパ
57%
ノズパス
57%
コドラ
57%
サメハダー
57%
ホエルコ
57%
オニゴーリ
57%
ホエルオー
56%
トロピウス
56%
ハスボー
55%
ダーテング
55%
ハリテヤマ
55%
ハブネーク
55%
アブソル
55%
ユキワラシ
55%
サクラビス
55%
マクノシタ
53%
ハンテール
53%
ハスブレロ
52%
エネコ
52%
エネコロロ
52%
キバニア
52%
ユレイドル
52%
タネボー
51%
ヤミラミ
51%
ザングース
51%
ジュペッタ
51%
サマヨール
51%
パールル
51%
ラブカス
51%
コノハナ
50%
キノガッサ
50%
カゲボウズ
50%
ヨマワル
50%
タマザラシ
50%
トドゼルガ
50%
ジーランス
50%
パッチール
49%
リリーラ
49%
キノココ
48%
テッカニン
48%
ヌケニン
48%
ゴニョニョ
48%
バクオング
48%
ノクタス
48%
カクレオン
48%
ツチニン
47%
ロゼリア
47%
サボネア
47%
ポワルン
47%
ドゴーム
45%
クチート
45%
チャーレム
45%
アーマルド
45%
トドグラー
45%
アノプス
44%
アサナン
42%
ヤジロン
42%
ネンドール
41%
バルビート
40%
イルミーゼ
40%
ヘイガニ
40%
アメタマ
37%
シザリガー
37%
チリーン
37%
アメモース
36%
ルリリ
36%
バネブー
36%
ブーピッグ
35%
ナマズン
34%
ゴクリン
33%
マルノーム
33%
ドジョッチ
31%
ソーナノ
30%
No matching quizzes found
Score Distribution
Percent of People with Each Score
Percentile by Number Answered
Your Score History
You have not taken this quiz